LEGO DC Universe Super Heroes Phonics Book : (Record no. 2122)

MARC details
000 -LEADER
fixed length control field 00658nam a22002297a 4500
005 - DATE AND TIME OF LATEST TRANSACTION
control field 20240110104804.0
040 ## - CATALOGING SOURCE
Original cataloging agency FISKH
Language of cataloging eng
Transcribing agency FISKH
Modifying agency FISKH
082 ## - DEWEY DECIMAL CLASSIFICATION NUMBER
Classification number 434
100 ## - MAIN ENTRY--PERSONAL NAME
Personal name Lee, Quinlan B.
245 ## - TITLE STATEMENT
Title LEGO DC Universe Super Heroes Phonics Book :
Remainder of title Workbook #1 /
300 ## - PHYSICAL DESCRIPTION
Extent 16 pages :
Dimensions 18 cm
505 ## - FORMATTED CONTENTS NOTE
Formatted contents note G
520 ## - SUMMARY, ETC.
Summary, etc. Help your kids learn to read with Lego DC Super Heroes. Includes short and long vowel sounds: A, E, I, O, U.
521 ## - TARGET AUDIENCE NOTE
Target audience note 300
Source Lexile estimate
521 ## - TARGET AUDIENCE NOTE
Target audience note G
Source Raz-Plus
650 ## - SUBJECT ADDED ENTRY--TOPICAL TERM
Topical term or geographic name entry element Super Heroes
650 ## - SUBJECT ADDED ENTRY--TOPICAL TERM
Topical term or geographic name entry element Batman
650 ## - SUBJECT ADDED ENTRY--TOPICAL TERM
Topical term or geographic name entry element Superman
700 ## - ADDED ENTRY--PERSONAL NAME
Personal name White, Dave
Relator term illustrator
942 ## - ADDED ENTRY ELEMENTS (KOHA)
Source of classification or shelving scheme Dewey Decimal Classification
Koha item type Books
Suppress in OPAC No
999 ## -
-- 2122
-- 2122
Holdings
Withdrawn status Lost status Source of classification or shelving scheme Damaged status Not for loan Collection Home library Current library Shelving location Date acquired Total Checkouts Full call number Barcode Date last seen Price effective from Koha item type
Withdrawn   Dewey Decimal Classification Damaged   Non-Fiction Footprints International School Library Network Toul Kork Campus Footprints International School Library Network Toul Kork Campus TK Primary Library Room(4th Floor), Bookcase 7, Shelves 57-60, Dark Green Books 11/07/2023   LEE 434 2023-0735 11/07/2023 11/07/2023 Books